000 00245nam a2200097Ia 4500
008 230915s9999 xx 000 0 und d
050 _aTA 330 .D37 2012 V.3
100 _aDASS H.K.
245 2 _aA TEXTBOOK ON ENGINEERING MATHEMATIC
942 _cBK
999 _c203168
_d203168